00319nam a22000737a 4500020001900000040000900019082001600028245020100044 a978-3030636289 cNUST a691.23bDAV aOptimization of the Characterization of the Thermal Properties of the Building Envelope Analysis of the Characterization of the Façades using Artificial IntelligencebBy David Bienvenido-Huertas